[Event "Thessaloniki White Tower op-C 41th"]
[Site "Thessaloniki"]
[Date "2019.01.03"]
[Round "2.42"]
[White "Timologos, Alexandros Aristote"]
[Black "Aggelakis, Myron"]
[Result "0-1"]
[WhiteElo "1000"]
[BlackElo "1000"]
[PlyCount "94"]
[EventDate "2019.01.02"]
[EventType "swiss"]
[EventRounds "6"]
[EventCountry "GRE"]
[SourceTitle "EXT 2024"]
[Source "ChessBase"]
[SourceDate "2023.10.10"]
[SourceVersion "1"]
[SourceVersionDate "2023.10.10"]
[SourceQuality "1"]

1. e4 e5 2. Nf3 Nc6 3. Bc4 Bc5 4. Nc3 h6 5. d3 Nf6 6. Be3 Bxe3 7. fxe3 0-0 8. 0-0 d6 9. Nd5 Nxd5 10. Bxd5 Ne7 11. Bc4 c6 12. Bb3 d5 13. Nxe5 Be6 14. c4 d4 15. exd4 Qxd4+ 16. Rf2 Qxe5 17. Rb1 Rad8 18. c5 Qd4 19. Bc4 Bxc4 20. Qc2 Bxd3 21. Qc1 Bxb1 22. Qxb1 Qd1+ 23. Rf1 Qxb1 24. Rxb1 Rd4 25. e5 Rfd8 26. Rf1 Rd1 27. g4 Rxf1+ 28. Kxf1 Rd5 29. Ke1 Rxe5+ 30. Kd1 Rxc5 31. b4 Rg5 32. Ke2 Rxg4 33. Kf3 Rxb4 34. Kg3 Ra4 35. Kf2 Rxa2+ 36. Kg3 Rb2 37. Kh3 g5 38. Kg3 a5 39. h3 a4 40. Kf3 a3 41. Kg4 a2 42. Kh5 a1Q 43. Kxh6 Rh2 44. Kxg5 Qg1+ 45. Kf6 Nd5+ 46. Ke5 Qg5+ 47. Kd6 Qe7# 0-1